|
|
|
|
| LEADER |
03126nam a2200781 i 4500 |
| 001 |
nkc20223473100 |
| 003 |
CZ PrNK |
| 005 |
20221215092118.0 |
| 007 |
ta |
| 008 |
221122s2022 xr abchf f 000 0 cze |
| 015 |
|
|
|a cnb003473100
|
| 020 |
|
|
|a 978-80-7560-422-4
|q (brožováno)
|
| 035 |
|
|
|a (OCoLC)1357138780
|
| 040 |
|
|
|a BOA001
|b cze
|d ABA001
|e rda
|
| 041 |
1 |
|
|a cze
|a ger
|h ger
|
| 043 |
|
|
|a e-xr---
|
| 072 |
|
7 |
|a 904
|x Kulturní památky historického období obecně
|2 Konspekt
|9 8
|
| 080 |
|
|
|a 904
|2 MRF
|
| 080 |
|
|
|a 347.214.2
|2 MRF
|
| 080 |
|
|
|a 730.041
|2 MRF
|
| 080 |
|
|
|a 725.94
|2 MRF
|
| 080 |
|
|
|a 82-96
|2 MRF
|
| 080 |
|
|
|a 930.253
|2 MRF
|
| 080 |
|
|
|a 002+801.82
|2 MRF
|
| 080 |
|
|
|a 7.025.3/.4:001.891.5
|2 MRF
|
| 080 |
|
|
|a (437.3)
|2 MRF
|
| 080 |
|
|
|a (048.8:082)
|2 MRF
|
| 080 |
|
|
|a (035)
|2 MRF
|
| 100 |
1 |
|
|a Kaše, Jiří,
|d 1946-2022
|7 ola2002153672
|4 aut
|
| 245 |
1 |
0 |
|a Literatura a archivní prameny jako podklad průzkumu nemovitých památek :
|b se zaměřením na sochařská díla a drobnou architekturu : přehled a čítanka (nejen) pro budoucí restaurátory /
|c Jiří Kaše, Vladislava Říhová, Jana Stráníková
|
| 250 |
|
|
|a Vydání II.
|
| 264 |
|
1 |
|a Litomyšl :
|b Univerzita Pardubice, Fakulta filozofická a Fakulta restaurování,
|c 2022
|
| 300 |
|
|
|a 167 stran :
|b ilustrace, 1 mapa, portréty, faksimile ;
|c 23 cm
|
| 336 |
|
|
|a text
|b txt
|2 rdacontent
|
| 337 |
|
|
|a bez média
|b n
|2 rdamedia
|
| 338 |
|
|
|a svazek
|b nc
|2 rdacarrier
|
| 500 |
|
|
|a 250 výtisků
|
| 504 |
|
|
|a Obsahuje bibliografie
|
| 546 |
|
|
|a Částečně souběžný německý text
|
| 650 |
0 |
7 |
|a kulturní památky
|7 ph115033
|z Česko
|2 czenas
|
| 650 |
0 |
7 |
|a nemovitosti
|7 ph123223
|z Česko
|2 czenas
|
| 650 |
0 |
7 |
|a figurální plastiky
|7 ph319024
|z Česko
|2 czenas
|
| 650 |
0 |
7 |
|a drobná architektura
|7 ph134695
|z Česko
|2 czenas
|
| 650 |
0 |
7 |
|a odborná literatura
|7 ph115554
|z Česko
|2 czenas
|
| 650 |
0 |
7 |
|a archivní fondy
|7 ph118590
|z Česko
|2 czenas
|
| 650 |
0 |
7 |
|a písemné prameny
|7 ph115977
|z Česko
|2 czenas
|
| 650 |
0 |
7 |
|a restaurátorský průzkum
|7 ph216798
|z Česko
|2 czenas
|
| 650 |
0 |
9 |
|a cultural monuments
|z Czechia
|2 eczenas
|
| 650 |
0 |
9 |
|a real property
|z Czechia
|2 eczenas
|
| 650 |
0 |
9 |
|a figure sculptures
|z Czechia
|2 eczenas
|
| 650 |
0 |
9 |
|a small architecture
|z Czechia
|2 eczenas
|
| 650 |
0 |
9 |
|a professional literature
|z Czechia
|2 eczenas
|
| 650 |
0 |
9 |
|a archives
|z Czechia
|2 eczenas
|
| 650 |
0 |
9 |
|a written sources
|z Czechia
|2 eczenas
|
| 650 |
0 |
9 |
|a restoration research
|z Czechia
|2 eczenas
|
| 655 |
|
7 |
|a kolektivní monografie
|7 fd501537
|2 czenas
|
| 655 |
|
7 |
|a příručky
|7 fd133209
|2 czenas
|
| 655 |
|
9 |
|a collective monographs
|2 eczenas
|
| 655 |
|
9 |
|a handbooks and manuals
|2 eczenas
|
| 700 |
1 |
|
|a Říhová, Vladislava,
|d 1978-
|7 jo2006333732
|4 aut
|
| 700 |
1 |
|
|a Stráníková, Jana
|7 xx0060537
|4 aut
|
| 910 |
2 |
|
|a BOA001
|b 2-1499.351
|
| 928 |
9 |
|
|a Univerzita Pardubice, Fakulta filozofická
|
| 928 |
9 |
|
|a Univerzita Pardubice, Fakulta restaurování
|
| 990 |
|
|
|a BK
|
| 995 |
|
|
|a 01
|
| 991 |
|
|
|b 202212
|c NOV
|
| 996 |
6 |
|
|b 2610922375
|c 2-1499.351
|l MZK
|r Sklad / do 1 hodiny
|n 1
|p p.v.
|w 001906967
|u 000010
|a 1
|e BOA001
|j MZK50
|s P
|